El derecho de autodeterminación de los pueblos en el siglo XXI: la secesión-remedio como consecuencia de graves violaciones de derechos humanos

Guardat en:
Dades bibliogràfiques
Autor principal: Martínez Jiménez, Aitor (Autor)
Format: Llibre
Idioma:espanyol
Publicat: Pamplona Aranzadi 2015
Col·lecció:Estudios
Matèries:
Etiquetes: Afegir etiqueta
Sense etiquetes, Sigues el primer a etiquetar aquest registre!

MARC

LEADER 00000cam a2200000 a 4500
001 UCC9474
003 CL-VaPUC
008 191004e20150000sp |||||||||||||||||spa|d
020 |a 9788490986776 
082 0 4 |a 342.041  |b MAR  |2 21 
100 0 |a Martínez Jiménez, Aitor  |e author  |9 604562 
245 1 3 |a El derecho de autodeterminación de los pueblos en el siglo XXI: la secesión-remedio como consecuencia de graves violaciones de derechos humanos 
300 |a 335 p 
942 |c BK 
945 |d 20191004 13:59:00  |a cmena 
260 |a Pamplona  |b Aranzadi  |c 2015 
600 0 7 |a CORTE INTERNACIONAL DE JUSTICIA  |2 CL-VaPUC  |9 391234 
650 0 |a Estructura organizacional   |9 390800 
650 0 |a Poderes del estado  |9 377457 
650 0 |a Derechos humanos  |9 223025 
650 0 |a Autodeterminación   |9 417630 
650 0 |a Pueblos indígenas   |9 357564 
583 |a last modification  |c 20191004 13:59:00  |k Rodrigo Vera 
490 0 |a Estudios 
999 |c 375654  |d 375652 
952 |0 0  |1 0  |3 erb  |4 0  |6 342_041000000000000_MAR_2015  |7 0  |8 WP_COW  |9 561471  |a BIBDER  |b BIBDER  |e Fundación W and P Cowley  |i 5599792  |l 1  |o 342.041 MAR 2015  |p 5599792  |r 2024-04-15  |s 2024-04-08  |w 2020-03-12  |y BK  |z Catalogado en:20191004  |k WPC